A miséria do tempo (Record no. 15486)

MARC details
000 -Etiqueta do registo
Valores 00859nam a2200253 4500
010 ## - Número ISBN
ISBN 9789896715403
021 ## - Número do Depósito Legal
Número 468359/20
100 ## - Dados gerais de processamento
Dados gerais 20220222d2020 m y0pory50030103ba
200 1# - Titulo e menção de responsabilidade
Título próprio A miséria do tempo
Informação de outro título vidas suspensas pelo desemprego
Primeira menção de responsabilidade Renato Miguel do Carmo, Maria Madalena D'Avelar
205 ## - Menção da edição
Edição 1ª ed
210 #9 - Publicação
Local de publicação Lisboa
Nome do editor Tinta-da-China,
Data de publicação 2020
215 ## - Descrição física 
Paginação / Volumes 262, [1] p.
Dimensões 21 cm
300 ## - Notas gerais 
Texto da nota PADES
675 ## - CDU
Notação 316.61(469)"200/201"
Edição BN
Língua por
675 ## - CDU
Notação 331.5(469)"200/201"
Edição BN
Língua por
675 ## - CDU
Notação 316.72(469)"200/201"
Edição BN
Língua por
675 ## - CDU
Notação 308(469)"200/201"
Edição BN
Língua por
700 #1 - Autor principal (pessoa individual)
Apelido Carmo,
Nome Renato Miguel do,
Datas 1971-
701 #1 - Co-autor principal (pessoa individual)
Apelido Avelar,
Nome Maria Madalena de,
Datas 1994-
801 #0 - Fonte de origem
País PT
Agência BN
Regras de catalogação RPC
856 41 - Localização e acesso electrónico 
URL <a href="http://rnod.bnportugal.gov.pt/ImagesBN/winlibimg.aspx?skey=&doc=2093335&img=161647&save=true">http://rnod.bnportugal.gov.pt/ImagesBN/winlibimg.aspx?skey=&doc=2093335&img=161647&save=true</a>
990 ## - Elementos KOHA
Tipo de documento Livro
Holdings
Situação do levantamento Estado Número Biblioteca de origem Código de barras Cota Permissão de empréstimo Tipo de documento Forma de aquisição
    BMA Biblioteca Municipal do Alandroal 13970/20 331.5(469) CAR   Livro Compra

Powered by Koha